000 005830000a22001810004500
003 MACL
005 20160401141134.0
008 160401b xxu||||| |||| 00| 0 eng d
040 _aMACL
_cMACL
041 _aHindi
082 _a398
100 _aआहूजा डी. आर
_949664
245 _aराज्ञस्‍थान : लोक संस्‍कृति और साहित्‍य
260 _bनेशनल बुक ट्रस्‍ट
_c2004
_aनई दिल्‍ली
350 _a50
650 _aFolklore
_949665
942 _cHIN
_k398
_2ddc
999 _c19034
_d19034